000
00243nam a2200109Ia 4500
008
190216s9999||||xx |||||||||||||| ||und||
100
_a
Vilasini
245
0
_a
Avakashikal Vol I Ii Iii Iv
260
_b
Dc Books
650
_a
Novel
942
_c
BK
999
_c
26076
_d
26076